Power system capacitors / (Record no. 180792)
[ view plain ]
| 000 -LEADER | |
|---|---|
| fixed length control field | 01606 a2200253 4500 |
| 003 - CONTROL NUMBER IDENTIFIER | |
| control field | Nust |
| 005 - DATE AND TIME OF LATEST TRANSACTION | |
| control field | 20221028105309.0 |
| 010 ## - LIBRARY OF CONGRESS CONTROL NUMBER | |
| LC control number | 2005298038 |
| 020 ## - INTERNATIONAL STANDARD BOOK NUMBER | |
| International Standard Book Number | 1574447106 |
| 035 ## - SYSTEM CONTROL NUMBER | |
| System control number | (OCoLC)ocm60313531 |
| 040 ## - CATALOGING SOURCE | |
| Transcribing agency | Nust |
| 082 00 - DEWEY DECIMAL CLASSIFICATION NUMBER | |
| Classification number | 621.315,NAT |
| 100 1# - MAIN ENTRY--PERSONAL NAME | |
| Personal name | Natarajan, Ramasamy, |
| 9 (RLIN) | 58870 |
| 245 10 - TITLE STATEMENT | |
| Title | Power system capacitors / |
| Statement of responsibility, etc. | Ramasamy Natarajan. |
| 260 ## - PUBLICATION, DISTRIBUTION, ETC. | |
| Place of publication, distribution, etc. | Boca Raton, FL : |
| Name of publisher, distributor, etc. | Taylor & Francis, |
| Date of publication, distribution, etc. | 2005. |
| 300 ## - PHYSICAL DESCRIPTION | |
| Extent | xxii, 552 p. : |
| Other physical details | ill. ; |
| Dimensions | 24 cm. |
| 490 1# - SERIES STATEMENT | |
| Series statement | Power engineering |
| 505 ## - FORMATTED CONTENTS NOTE | |
| Formatted contents note | Introduction (Page-1), Capacitor Fundamentals (Page-17), Power Factor Concepts (Page-35), Industry Standards (Page-47), Capacitor Specifications (Page-61),Testing of Capacitors (Page-85), Locations of Shunt Capacitor (Page-97), Power Factor Improvement (Page-125), System Benefits (Page-141), Series Capacitor (Page-155), Surge Capacitor (Page-183), Capacitor of Motor Applications (Page-199), Capacitor for Miscellaneous Applications (Page-221), State VAR Compensators (Page-245), Protection of Stunt Capacitor (Page-267), Over Current Protection (Page-287), Circuits Breakers (Page-309), Surge Protection (Page-337), Maintenance and Troubleshooting (Page-367), Harmonic Filtering (Page-389), Capacitor Transformer Transistor (Page-415), Capacitor Switching (Page-429), Induced Voltages in Control Cables (Page-451), Economic Analysis (Page-469). |
| 650 #0 - SUBJECT ADDED ENTRY--TOPICAL TERM | |
| Topical term or geographic name entry element | Capacitors. |
| 9 (RLIN) | 41385 |
| 650 #0 - SUBJECT ADDED ENTRY--TOPICAL TERM | |
| Topical term or geographic name entry element | Electrical engineering. |
| 830 #0 - SERIES ADDED ENTRY--UNIFORM TITLE | |
| Uniform title | Power engineering series. |
| 9 (RLIN) | 101604 |
| 856 42 - ELECTRONIC LOCATION AND ACCESS | |
| Materials specified | Publisher description |
| Uniform Resource Identifier | <a href="http://www.loc.gov/catdir/enhancements/fy0648/2005298038-d.html">http://www.loc.gov/catdir/enhancements/fy0648/2005298038-d.html</a> |
| 942 ## - ADDED ENTRY ELEMENTS (KOHA) | |
| Source of classification or shelving scheme | |
| Koha item type | Book |
| Withdrawn status | Lost status | Source of classification or shelving scheme | Damaged status | Not for loan | Permanent Location | Current Location | Shelving location | Date acquired | Full call number | Barcode | Date last seen | Price effective from | Koha item type | Public note |
|---|---|---|---|---|---|---|---|---|---|---|---|---|---|---|
| Military College of Signals (MCS) | Military College of Signals (MCS) | General Stacks | 12/12/2016 | 621.315,NAT | MCS31496 | 12/08/2016 | 12/12/2016 | Book | Almirah No.29, Shelf No.2 |
